El terrorismo en Barcelona ; (Record no. 182071)

MARC details
000 -LEADER
campo de control de longitud fija 01274nam a2200253 i 4500
001 - NÚMERO DE CONTROL
campo de control 182071
003 - IDENTIFICADOR DE NÚMERO DE CONTROL
campo de control ES-MaACL
005 - FECHA Y HORA DE LA ÚLTIMA TRANSACCIÓN
campo de control 20251201163934.0
008 - DATOS DE LONGITUD FIJA--INFORMACIÓN GENERAL
campo de control de longitud fija 130529s1978 sp ac |||| | spa d
020 ## - NÚMERO INTERNACIONAL ESTÁNDAR DEL LIBRO
Número Internacional Estándar del Libro 84-400-3714-7
100 1# - ENTRADA PRINCIPAL--NOMBRE DE PERSONA
Nombre de persona Pestaña, Angel,
Fechas asociadas al nombre 1886-1937
9 (RLIN) 91455
245 13 - MENCIÓN DEL TÍTULO
Título El terrorismo en Barcelona ;
Resto del título seguido de Principios, medios y fines del sindicalismo comunista /
Mención de responsabilidad, etc. Ángel Pestaña . El sindicalismo en Cataluña / por Ángel Pestaña y Salvador Seguí (El Noi del Sucre) : (conferencias dadas en Madrid el día 4 de octubre de 1919, tomadas taquigráficamente) ; prólogo de Enric Olivé i Serret.
246 3# - FORMA VARIANTE DEL TITULO
Título propio/Titulo breve Principios, medios y fines del sindicalismo comunista
260 ## - PUBLICACIÓN, DISTRIBUCIÓN, ETC.
Lugar de publicación, distribución, etc. Barcelona :
Nombre del editor, distribuidor, etc. José J. de Olañeta,
Fecha de publicación, distribución, etc. 1978.
300 ## - DESCRIPCIÓN FÍSICA
Extensión 75 p. :
Otras características físicas il., retr. ;
Dimensiones 21 cm.
490 1# - MENCIÓN DE SERIE
Mención de serie Pequeña biblioteca calamus scriptorius ;
Designación de volumen o secuencia 8
650 04 - PUNTO DE ACCESO ADICIONAL DE MATERIA--TÉRMINO DE MATERIA
Término de materia o nombre geográfico como elemento de entrada Anarcosindicalismo-
Subdivisión geográfica España.
9 (RLIN) 9779
700 1# - ENTRADA AGREGADA--NOMBRE PERSONAL
Nombre de persona Seguí, Salvador,
Fechas asociadas al nombre 1887-1923
9 (RLIN) 240806
700 1# - ENTRADA AGREGADA--NOMBRE PERSONAL
Nombre de persona Olive i Serret, Enric.
9 (RLIN) 86787
740 32 - ENTRADA AGREGADA--TÍTULO RELACIONADO/ANALÍTICO NO CONTROLADO
Título relacionado o analítico no controlado El sindicalismo en Cataluña.
830 1# - PUNTO DE ACCESO ADICIONAL DE SERIE-TÍTULO UNIFORME
Título uniforme Pequeña Biblioteca Calamus scriptorius
Designación de volumen o secuencia 8
9 (RLIN) 191869
852 ## - LOCALIZACIÓN
Ubicación ES-MaACL
Número de control de estantería 2114-F-20
Nota libre - Donativo de los herederos de la biblioteca de Mª del Pilar Costa Palacín
Holdings
Estatus retirado Estado de pérdida Estado de daño No para préstamo Colección Biblioteca de origen Biblioteca actual Ubicación en estantería Fecha de adquisición Fuente de adquisición Total de préstamos Signatura topográfica completa Código de barras Visto por última vez Precio de reemplazo Tipo de ítem Koha
        Colección de folletos Biblioteca del Ateneo de Madrid Biblioteca del Ateneo de Madrid Depósito folletos 29/05/2013     2114-F-20 1191332 23/02/2023 23/02/2023 Folleto